LEADER 01029cam0-22003731i-450- 001 990000833500403321 005 20050721103507.0 010 $a0-13-011552-5 035 $a000083350 035 $aFED01000083350 035 $a(Aleph)000083350FED01 035 $a000083350 100 $a20020821d1988----km-y0itay50------ba 101 0 $aeng 102 $aUS 105 $ay-------001yy 200 1 $aAdvanced engineering mathematics$fMichael D. Greenberg 210 $aEnglewood Cliffs [N.J.]$cPrentice-Hall$d1988 215 $axii, 946 p.$d23 cm 610 0 $aMetodi matematici$aMetodi matematici per l'ingegneria 676 $a515 676 $a510 700 1$aGreenberg,$bMichael D.$040789 801 0$aIT$bUNINA$gRICA$2UNIMARC 901 $aBK 912 $a990000833500403321 952 $aMXV-B-34$b971$fMAS 952 $a02 68 D 13$b5299$fFINBN 952 $a114-B-58$b4940$fMA1 959 $aFINBN 959 $aMA1 959 $aMAS 996 $aAdvanced engineering mathematics$9348339 997 $aUNINA LEADER 01287nam2-2200385li-450 001 990000211220203316 005 20180312154650.0 010 $a3-540-60580-0 035 $a0021122 035 $aUSA010021122 035 $a(ALEPH)000021122USA01 035 $a0021122 100 $a20001109d1995----km-y0itay0103----ba 101 0 $aeng 102 $aGW 200 1 $a<> complexity of simple computer architectures$fSilvia M. Müller 210 $aBerlin [etc.]$cSpringer-Verlag$dcopyr. 1995 215 $aXII, 270 p.$cill.$d25 cm 225 2 $aLecture notes in computer science$v995 410 0$10010020264$12001$aLecture notes in computer science 610 1 $aarchitettura degli elaboratori 676 $a00422$9Architettura degli elaboratori 700 1$aMüller,$bSilvia Melitta$0746201 801 $aSistema bibliotecario di Ateneo dell' Università di Salerno$gRICA 912 $a990000211220203316 951 $a001 LNCS (995)$b0018734$c001$d00103799 959 $aBK 969 $aSCI 979 $c19980117 979 $c20001110$lUSA01$h1714 979 $aALANDI$b90$c20010201$lUSA01$h0908 979 $c20020403$lUSA01$h1629 979 $aPATRY$b90$c20040406$lUSA01$h1615 996 $aComplexity of simple computer architectures$91489183 997 $aUNISA